| 000 | 00425nam a2200157Ia 4500 | ||
|---|---|---|---|
| 008 | 221030s9999 xx 000 0 und d | ||
| 020 | _a818501583X | ||
| 041 | _aEnglish | ||
| 082 |
_a105.23 _bFey |
||
| 100 | _aR. P. Feynman | ||
| 245 | 0 |
_aFeynman Lectures on Physics Mainly Elctromagnetism & Matter Vol II _cby R. P. Feynman |
|
| 260 |
_bNarosa Pub. _aNew Delhi _c1997 |
||
| 300 | _a1396 | ||
| 650 | _aPhysics | ||
| 942 | _cBK | ||
| 999 |
_c1173 _d1173 |
||